Ručenie za daň
Problematika uplatňovania inštitútu ručenia za daň. Analýza právneho základu tohto inštitútu a poukázanie na zásady, ktoré je pri jeho uplatňovaní potrebné dodržiavať. Aktuálne problémy, ktoré vystali v súvislosti s precizovaním právnej úpravy ručenia za daň, ako aj na ich praktické riešenie.
Gespeichert in:
| 1. Verfasser: | |
|---|---|
| Format: | Buchkapitel |
| Sprache: | Slowakisch |
| Schlagworte: | |
| Tags: |
Keine Tags, Fügen Sie das erste Tag hinzu!
|
MARC
| LEADER | 00000naa a2200000 4500 | ||
|---|---|---|---|
| 001 | 0201970 | ||
| 005 | 20231114104213.1 | ||
| 041 | 0 | |a slo | |
| 044 | |a SK | ||
| 245 | 1 | 0 | |a Ručenie za daň |c Mojmír Beňo |
| 520 | |a Problematika uplatňovania inštitútu ručenia za daň. Analýza právneho základu tohto inštitútu a poukázanie na zásady, ktoré je pri jeho uplatňovaní potrebné dodržiavať. Aktuálne problémy, ktoré vystali v súvislosti s precizovaním právnej úpravy ručenia za daň, ako aj na ich praktické riešenie. | ||
| 610 | 2 | 0 | |a dane |
| 610 | 2 | 0 | |a ručenie |
| 610 | 2 | 0 | |a úpravy právne |
| 100 | 1 | |a Beňo, Mojmír | |